000 00872aam a2200313 i 4500
001 768714001
003 CO-MdFUSB
005 20250522145820.0
007 ta
008 250522t2004 -us |||| |||| 00| 0 spa d
020 _a0-7899-1200-7
040 _cCO-MdFUSB
041 0 _aspa
_heng
082 0 4 _223
_a248.4
_bL472e
100 1 _aLedbetter, J. Otis
_eautor
240 _aIn the secret place
245 1 0 _aEn el lugar secreto
_c/ J. Otis Ledbetter ; traducido por Luis O. Marauri
264 1 _bUnilit,
_aMiami, FL., USA :
_c[2004]
264 4 _c©2004
300 _a89 páginas
336 _atexto
_btxt
_2rdacontent
337 _2rdamedia
_asin mediación
_bn
338 _2rdacarrier
_avolumen
_bnc
563 _aPasta dura
650 0 _aVida cristiana
_919
700 _aMarauri, Luis O.,
_911567
_etraductor
942 _cBK
945 _aJTF-925
999 _c38378
_d38378